O rio em perigo (Registo nº 1971)

Detalhes MARC
000 -Etiqueta do registo
Cabeçalho 00910nam a22003251 4500
005 - Identificador da versão
Campo de controlo 20240813121921.0
095 ## -
-- PTBN00439115
010 ## - Número internacional normalizado dos livros (ISBN)
Número (ISBN) 9722107992
021 ## - Número do Depósito Legal
Código do país PT
Número 62206/92
100 ## - Dados gerais de processamento
Dados gerais de processamento 20070619d1992 cd y0pory5003 ba
102 ## - Pais de publicação ou produção
País de publicação Portugal
101 1# - Língua de publicação
Língua do texto, banda sonora, etc. Português
Língua do documento no original Francês
106 ## - Campo de dados codificados: material textual
Dados codificados do material textual r
105 ## - Campo de dados codificados: livros
Dados codificados dos livros a z 000fy
215 ## - Descrição física 
Indicação específica da natureza do documento e extensão da espécie [26] p.
Outras indicações físicas muito il.
Dimensões 25 cm
200 1# - Titulo e menção de responsabilidade
Título próprio O rio em perigo
Primeira menção de responsabilidade Pierre Coran
Outras menções de responsabilidade il. Mérel
-- trad. José Oliveira
225 2# - Colecção 
Título próprio da colecção Começo a ler
210 ## - Publicação, Distribuição, etc. 
Lugar da edição, distribuição, etc. Lisboa
Nome do editor, distribuidor, etc. Caminho
Data da publicação, distribuição, etc. D.L. 1992
304 ## - Notas relativas a título e menção de responsabilidade 
Texto da nota Tít. orig.: La rivière en danger
606 ## - Nome comum usado como assunto
Número de registo de entrada de autoridade 0000001
Palavra de ordem Literatura estrangeira infantil
Subdivisão de assunto Conto
675 ## - Classificação Decimal Universal (CDU)
Notação 82-34
Edição
Língua da edição por
702 #1 - Nome de autor-pessoa física (responsabilidade secundária)
Número de registo de entrada de autoridade 0000551
Palavra de ordem Oliveira
Outra parte do nome não tomada para palavra de ordem José
Código de função Tradutor
701 #1 - Nome de autor-pessoa física (co-responsabilidade principal)
Palavra de ordem Mérel
Código de função Ilustrador / Técnico de desenho computorizado
700 #1 - Nome de autor-pessoa física (responsabilidade principal)
Número de registo de entrada de autoridade 0000615
Palavra de ordem Coran
Outra parte do nome não tomada para palavra de ordem Pierre
942 ## - Elementos de entrada adicionados (Koha)
Tipo de item no Koha Livro
Exemplares
Situação do levantamento Origin of item (home branch) (coded) Biblioteca de empréstimo Código de barras Cota Circulation type (not for loan) Tipo de documento Nota do exemplar Damaged status
  Biblioteca Escolar da Coca Maravilhas Biblioteca Escolar da Coca Maravilhas BECM5046/01 8EST COR   Livro Sem mensagem